000 02025nam a2200409 c 4500
999 _c176200
_d176200
003 BLK
005 20241202104656.0
008 180411b bul|||||r ||||||| ||bul||
010 _aKNG00184805000
020 _a978-619-90077-3-0
040 _aBLK
041 _aBUL
_cBUL
072 7 _2bullib
_aН84
_xБългарска художествена литература Н
080 _aБългарска литература
_b821.163.2
_x(081)
_z821.163.2(081)
080 _aБългарска литература
_b821.163.2
_x-32
_z821.163.2-32
080 _aБългарска литература
_b821.163.2
_x-93-32
_z821.163.2-93-32
100 _9429765
_aРадичков, Йордан Димитров
_d1929-2004
139 _aРадичков, Йордан Димитров
_bР 14
245 1 0 _aСъбрани съчинения
_bВ 12 т.
_cЙордан Димитров Радичков; състав., комент. и бел. Инна Иванова Пелева.
_nТ. 4
_pРазкази 1997 - 2000
257 _aBGR
260 _c2014 -
_fСофия : Унив. изд. Св. Климент Охридски
300 _c24 см
380 _aX
505 _tРазкази за деца
505 _tРазкази, непубликувани в авторови книги
659 _aН
700 1 _aПелева, Инна Иванова
_eсъстав., комент. и бел.
_9371213
760 1 _aРадичков, Йордан Димитров
_dНИКЕ, 2014
_h735 с. : с ил., 4 л. ил., портр.
_nИменен показалец, топогр. показалец, показалец на редките думи
_tТ. 4 Разкази 1997 - 2000
852 _aЦб 278110
_bП
_cП 886.7(081)/Р 14
856 4 _qpdf
_i0.00
_ldisable
856 4 _qpdf
_i0.00
_ldisable
942 _cKNG
_n0
_s1
_08
944 _aCR
_c12.11.2015
_k30542
_lРусанова Ирена
944 _aED
_c09.06.2016
_kСимона_Петрова
999 _d176200
999 _d176200